| 000 | 02292nam a22003377a 4500 | ||
|---|---|---|---|
| 005 | 20100723122349.0 | ||
| 008 | 100412t xxu||||| |||| 00| 0 ur d | ||
| 020 |
_c100.00 _a9788182234932 |
||
| 035 | _aB-395173-179 | ||
| 037 | _bEducational Publishing House | ||
| 040 |
_adpl _bur |
||
| 082 | _aک | ||
| 100 |
_aعزيز انجم _9616 |
||
| 245 |
_aآدمی کی بستی ميں / _c عزيز انجم _b |
||
| 246 |
_aAadmi Ki Basti Mein / _bby Aziz Anjum |
||
| 260 |
_a دلّی _bايجو کيشنل پبلشنگ ہاؤس _c2009 |
||
| 270 |
_a3108,VakilStreet, Kucha Pandit, Lal Kuan _b Delhi _e110006 _k23216162, 23214465 _minfo@ephbooks.com,ephdelhi@yahoo.com _l0091-11-23211540 |
||
| 300 |
_a196ص _b22 س م (Hb) |
||
| 500 | _a | ||
| 600 |
_aکہبنی _9966 |
||
| 600 |
_aStory _9967 |
||
| 942 |
_2ddc _cUR _hک _mع ز ی |
||
| 999 |
_c37415 _d37415 |
||